| 000 | 00483pab a2200193 454500 | ||
|---|---|---|---|
| 008 | 180718b2009 xxu||||| |||| 00| 0 eng d | ||
| 100 | _aPani, S.P. | ||
| 245 | _aOpen-distance learning scenario in Orissa | ||
| 260 | _c2009 | ||
| 300 | _ap.19-24. | ||
| 362 | _a27 Apr | ||
| 650 | _aDistance education - India - Orissa | ||
| 650 | _aDistance education | ||
| 700 | _aMishra, Sarita | ||
| 700 | _aSatpathy, Geeta | ||
| 773 | _aUniversity News | ||
| 908 | _aN | ||
| 909 | _a82092 | ||
| 999 |
_c82092 _d82092 |
||